Tour de France 2024 - Tous les vainqueurs d'étape - Statistiques

Statistiques générales
  • Ce quiz a été pris 1 067 fois
  • Le résultat moyen est 19 sur 21
Statistiques - réponses
Étape Vainqueur Équipe % Correct
4 Tadej Pogačar UAE Team Emirates
100%
14 Tadej Pogačar UAE Team Emirates
100%
15 Tadej Pogačar UAE Team Emirates
100%
19 Tadej Pogačar UAE Team Emirates
100%
20 Tadej Pogačar UAE Team Emirates
100%
21 (C.I.m i) Tadej Pogačar UAE Team Emirates
100%
11 Jonas Vingegaard Team Visma / Lease a bike
96%
1 Romain Bardet Team dsm-firmenich PostNL
96%
3 Biniam Girmay Intermarché-Wanty
93%
8 Biniam Girmay Intermarché-Wanty
93%
12 Biniam Girmay Intermarché-Wanty
93%
10 Jasper Philipsen Alpecin-Deceuninck
93%
13 Jasper Philipsen Alpecin-Deceuninck
93%
16 Jasper Philipsen Alpecin-Deceuninck
93%
7 (C.I.m i) Remco Evenepoel Soudal - Quick Step
92%
2 Kevin Vauquelin Arkéa-B&B Hotels
83%
17 Richard Carapaz EF Education-EasyPost
81%
5 Mark Cavendish Astana Qazakqstan Team
79%
9 Anthony Turgis TotalEnergies
75%
18 Victor Campenaerts Lotto-Dstny
61%
6 Dylan Groenewegen Team Jayco AlUla
55%
Aucun quiz correspondant
Distribution des résultats
% des personnes avec chaque résultat
Percentile par nombre de réponses
Votre historique - résultats
Vous n’avez pas pris ce quiz